Statystyki dla Żużel:Zawodnicy ekstraligi którzy nie przyjechali ani razu na 4miejscu

Kliknij tutaj aby rozwiązać quiz!

Ogólne statystyki

  • Ten quiz został rozwiązany 428 razy
  • Średni wynik to 3 z 8

Statystyki odpowiedzi

Odpowiedź% Poprawnych
Tomasz Gollob
75%
Nicki Pedersen
67%
Leon Madsen
40%
Grigorij Łaguta
36%
Piotr Protasiewicz
28%
Andreas Jonsson
22%
Krzysztof Kasprzak
19%
Billy Hamill
8%

Rozkład punktacji

Percentyl według liczby udzielonych odpowiedzi

Procent ludzi z każdym wynikiem

Twoja historia wyników

Nie rozwiązałeś tego quizu